| 000 | 02763nam a22002537a 4500 | ||
|---|---|---|---|
| 999 |
_c63690 _d63690 |
||
| 003 | Ge_BSU | ||
| 005 | 20251209200837.0 | ||
| 008 | 251209s2024 ge ||||| |||| 00| 0 geo d | ||
| 020 | _a9789941992919 | ||
| 041 | _ageo | ||
| 080 | _a821.353.1-6 ყ-56 | ||
| 100 |
_aყიფიანი, დიმიტრი _926428 |
||
| 245 |
_aთხზულებანი : 10 ტომად. ტომი 8, ოფიციალური და საქმიანი წერილები (1860-1868) / _cდიმიტრი ყიფიანი; შეადგინა, რუსული ტექსტები თარგმნა, შენიშვნები, კომენტარები და საძიებლები დაურთო თამაზ ჯოლოგუამ; რედაქტორი რევაზ გოგია; საქართველოს პარლამენტის ეროვნული ბიბლიოთეკა, კორნელი კეკელიძის სახელობის საქართველოს ხელნაწერთა ეროვნული ცენტრი, გიორგი ლეონიძის სახელობის ქართული ლიტერატურის სახელმწიფო მუზეუმი. |
||
| 264 |
_aთბილისი : _b საქართველოს პარლამენტის ეროვნული ბიბლიოთეკა, _c2024 |
||
| 300 |
_a602 გვ.; _b22 სმ. |
||
| 500 | _aსაძიებლები: გვ. 529-601. | ||
| 501 | _aშენიშვნები და კომენტარები: გვ. 297-528. | ||
| 653 | _aქართული ეპისტოლარული ლიტერატურა | ||
| 700 |
_aჯოლოგუა, თამაზ _eშემდგენელი, მთარგმნელი _926429 |
||
| 700 |
_aგოგია, რევაზ _eრედაქტორი _94009 |
||
| 710 |
_aსაქართველო პარლამენტი. ეროვნული ბიბლიოთეკა. _bკორნელი კეკელიძის სახელობის საქართველოს ხელნაწერთა ეროვნული ცენტრი. გიორგი ლეონიძის სახელობის ქართული ლიტერატურის სახელმწიფო მუზეუმი. _e _926430 |
||
| 856 |
_uhttps://dspace.nplg.gov.ge/bitstream/1234/530209/1/Dimitri_Yofiani_Txzulebani_2024_Tomi_VIII.pdf _yელ. ვერსია |
||
| 942 |
_2udc _cᲬᲘᲒᲜᲘ |
||